| 000 | 00459nam a2200157 4500 | ||
|---|---|---|---|
| 001 | 126294 | ||
| 003 | ES-MaACL | ||
| 005 | 20230906192808.0 | ||
| 007 | t| | ||
| 008 | 070214s1958 sp r ||||1| spa d | ||
| 100 | 1 |
_aRemos y Rubio, Juan J. _996150 |
|
| 245 | 1 | 0 |
_aProceso histórico de las letras cubanas / _cJuan J. Remos y Rubio. |
| 260 |
_aMadrid : _bGuadarrama, _c1958. |
||
| 300 |
_a303 p., 12 lám. ; _c21 cm. |
||
| 852 |
_aES-MaACL _jC-16067 _bR.43205 |
||
| 999 |
_c126294 _d126294 |
||